000 00857nam a2200229 a 4500
001 BRCA_7282
005 20190320205759.0
008 280212s2011----mx-a######---#000-0#spa-#
020 _a9786076050828
041 _aspa
044 _amx
050 4 _aN6415
_b.C36 2011
245 1 0 _aCaminos del barroco
_bentre Andalucía y Nueva España
_ctextos Pablo F. Amador Marrero ... [et al.].
260 _aMéxico
_bInstituto Nacional de Bellas Artes y Literatura
_c2011
300 _a195 p.
_bil. a color
_c29 cm.
500 _aCatálogo de la exposición realizada en el Museo Nacional de San Carlos. México, 2011
500 _aIncluye piezas de la colección Franz Mayer: p. 9, 154 y 177
650 1 4 _aArte barroco
_ySiglo XVI-XIX
_zMéxico
_918022
650 1 4 _aArte barroco
_zAndalucía
_918023
700 1 _aAmador Marrero, Pablo F.
_94243
942 _2lcc
_cB
999 _c6960
_d6960